Top 10 Formula One Drivers - 1980s - Statistics

General Stats
  • This quiz has been taken 106 times
  • The average score is 18 of 29
Answer Stats
Year Pos. Points Driver % Correct
1989 1 76 (81) Alain Prost
99%
1989 2 60 Ayrton Senna
97%
1989 8 12 Nelson Piquet
97%
1989 4 38 Nigel Mansell
97%
1985 10 14 Niki Lauda
96%
1981 3 46 Alan Jones
87%
1986 6 22 Keke Rosberg
84%
1989 7 21 Gerhard Berger
80%
1989 3 40 Riccardo Patrese
80%
1988 5 24 Michele Alboreto
70%
1986 10 14 René Arnoux
68%
1989 9 8 Jean Alesi
67%
1986 8 14 Jacques Laffite
65%
1981 2 49 Carlos Reutemann
64%
1985 5 33 Elio de Angelis
64%
1981 7 25 Gilles Villeneuve
62%
1982 2 39 Didier Pironi
61%
1983 6 22 John Watson
59%
1989 5 37 Thierry Boutsen
55%
1989 6 32 Alessandro Nannini
52%
1983 4 40 Patrick Tambay
48%
1983 8 15 Andrea de Cesaris
46%
1980 8 9 Jean-Pierre Jabouille
43%
1987 6 30 Stefan Johansson
43%
1987 10 8 Eddie Cheever
38%
1989 10 7 Derek Warwick
35%
1988 7 17 Ivan Capelli
29%
1987 9 12 Teo Fabi
29%
1981 10 11 Héctor Rebaque
14%
No matching quizzes found
Score Distribution
Percent of People with Each Score
Percentile by Number Answered
Your Score History
You have not taken this quiz